Normal view
MARC view
- AUTOMOTIVE FAULT DIAGNOSIS. AUTOMOTIVE MECHANICAL SYSTEMS. AUTOMOTIVE -ELECTRICAL SYSTEMS. ENGINE MANAGEMENT. SENSORS, ACTUATORS AND ELECTRONICS.AUTOMOTIVE TECHNOLOGY. VEHICLE MAINTENANCE AND REPAIR
Entry Topical Term
001 - CONTROL NUMBER
- control field: 68780
003 - CONTROL NUMBER IDENTIFIER
- control field: NUST
005 - DATE AND TIME OF LATEST TRANSACTION
- control field: 20210628204116.0
008 - FIXED-LENGTH DATA ELEMENTS
- fixed length control field: 210628|| aca||aabn | a|a d
040 ## - CATALOGING SOURCE
- Original cataloging agency: NUST
- Transcribing agency: NUST
150 ## - HEADING--TOPICAL TERM
- Topical term or geographic name entry element: AUTOMOTIVE FAULT DIAGNOSIS. AUTOMOTIVE MECHANICAL SYSTEMS. AUTOMOTIVE -ELECTRICAL SYSTEMS. ENGINE MANAGEMENT. SENSORS, ACTUATORS AND ELECTRONICS.AUTOMOTIVE TECHNOLOGY. VEHICLE MAINTENANCE AND REPAIR
670 ## - SOURCE DATA FOUND
- Source citation: Work cat.: (NUST): Denton, Tom 64787, Advanced automotive fault diagnosis, automotive technology: vehicle maintenance and repair, 2012
